00762nam a2200241 a 4500001001300000003000900013005001700022008004100039020001000080082001600090100002000106245007800126260004400204300000900248500003500257505003200292650002700324700002000351902000800371942000700379952011700386999001700503nice12345678IN_TiNIC20260116013208.0050524s2001 newa grp 000 0 eng  ac59500a954.84bTAL aTalbot, Cynthia aPrecolonial India in Practiceb Society, Region, and Identity in Medieval aNew DlhibOxford University Pressc2001 a305p aincludes index and biblioraphy2 aNotes, References and index aAndhra Pradesh-History1 aTalbot, Cynthia bSRS cBK 001040708StackRoom-aHMIbHMId2007-04-11g595.00l0o954.84 TALp019959r2007-04-11v595.00w2005-05-24yBK c10067d10067